Statystyki dla Państwa francuskojęzyczne

Kliknij tutaj aby rozwiązać quiz!

Ogólne statystyki

  • Ten quiz został rozwiązany 22 razy
  • Średni wynik to 26 z 40

Statystyki odpowiedzi

Odpowiedź% Poprawnych
Belgia
100%
Francja
100%
Algieria
95%
Luksemburg
95%
Szwajcaria
95%
Andora
90%
Kanada
86%
Monako
81%
Niger
81%
Czad
76%
Demokratyczna Republika Konga
76%
Gwinea
76%
Maroko
76%
Kongo
71%
Madagaskar
71%
Mali
71%
Senegal
71%
Benin
67%
Burkina Faso
67%
Haiti
67%
Tunezja
67%
Mauretania
62%
Republika Środkowoafrykańska
62%
Seszele
62%
Togo
62%
Wybrzeże Kości Słoniowej
62%
Dżibuti
57%
Komory
57%
Mauritius
52%
Kamerun
48%
Laos
48%
Rwanda
48%
Burundi
43%
Kambodża
43%
Gabon
38%
Gwinea Równikowa
38%
Wietnam
38%
Vanuatu
29%
Liban
19%
Trynidad i Tobago
19%

Rozkład punktacji

Percentyl według liczby udzielonych odpowiedzi

Procent ludzi z każdym wynikiem

Twoja historia wyników

Nie rozwiązałeś tego quizu